MDQL
is popping MORE tags! Check the
thread
!
Quizzes
Events
Quiz Creation
Community
Videos
Private Events
Remove Ads
Sign In
Join for FREE
Feedback
Dark Mode
Quiz Categories
Sports
Geography
Music
Movies
Television
Just For Fun
Miscellaneous
History
Literature
Language
Science
Gaming
Entertainment
Religion
Holiday
For Kids
Quiz Lab
Recent
Popular Today
Quiz Kudos Today
Editor Picks
Curator Picks
Quizzes by...
Day
Popularity
Type
Ratings
Length
Year
Community
Subscriptions
Recent Discussions
Orange Saloon
Badges
Playlists
Quests
Create
Leaderboards
Showdown
Live 5
Trivia Bingo
Activity
Puzzle Library
Sporcle Events
Private Events
Virtual Trivia
Globe League
Become a Host
Pub Owners
SporcleCon
Opinionation
Our Games
Videos
Blog
Mobile Apps
Partnerships
Remove Ads and Go Orange
Feedback
Music
Pop Music
The Beatles
Song
Album
Lyrics
Bands
Singers
Artist
Clip
Rock
Rap
Classical
Billboard
Country Music
Kpop
Taylor Swift
Music
Pop Music
The Beatles
Song
Album
Lyrics
Bands
Singers
Artist
Clip
Rock
Rap
Classical
Billboard
Country Music
Kpop
Taylor Swift
Random Quiz
Search Sporcle
×
Quiz Lab
Quiz Lab
Music
Rock
Type in answers that appear in a list
Type in answers that appear in a list
Classic
Best Score? Go Orange.
Finish Classic Rock Lyrics 2 Stats
Can you name the continuation for these classic rock lyrics?
By
fanofrocknroll
7m
20 Questions
920 Plays
920 Plays
920 Plays
Comments
Comments
Give Quiz Kudos
Give Quiz Kudos
-
- Ratings
hide this ad
Replay
Link that replays current quiz
Next Quiz
Link to next quiz in quiz playlist
You Got
0%
They Got
Avg Score
27%
Avg Friend Score
Upgrade to see
Score Distribution
Jump to the score distribution portion of the page
Score
0/20
Timer
07:00
0
Plays Today
Lyric
Continuation
% Correct
You may say I'm a dreamer...
But I'm not the only one
70.4%
Jeremiah was a bullfrog...
Was a good friend of mine
55.5%
Darling you've got to let me know...
Should I stay or should I go
51%
Take it to the limit...
One more time
50.8%
You ain't never caught a rabbit...
And you ain't no friend of mine
45.9%
Cause tramps like us...
Baby we were born to run.
44.9%
Some will win, some will lose...
Some were born to sing the blues
41.1%
Burn out the day...
Burn out the night
37.5%
And what you say about his company...
Is what you say about society
28.5%
Money for nothing...
And your chicks for free
28.4%
Lyric
Continuation
% Correct
What else should I be? All apologies. What else could I say...
Everyone is gay
23.6%
I see the girls walk by dressed in their summer clothes...
I have to turn my head until my darkness goes
16%
Now you don't talk so loud...
Now you don't seem so proud
14.3%
Time may change me...
But I can't trace time
13.6%
Some people wanna fill the world with silly love songs, and what's wrong with that? I'd like to know...
Cause here I go again.
12.1%
Don't be afraid to try again, everyone goes south...
Every now and then
8.2%
They'll kick you then they beat you...
Then they'll tell you it's fair
6.8%
But if you want money for people with minds that hate...
All I can tell you is brother you'll have to wait
6%
The kids are losing their minds...
The blitzkrieg bop
3.5%
Well here we go again, you've found yourself a friend that knows you well. But no matter what you do...
You'll always feel as though you tripped and fell
1.2%
Quiz Playlist
Details
Report
Send in Message
Add To Playlist
Classic:
Type in answers that appear in a list
Last Updated: Feb 16, 2017
Quiz Scoreboard
CHALLENGE
Sign Up to Join the Scoreboard
Show All
Scores
Hide
Comments
May contain spoilers
Recently Published
Image Sorting: Flags VI
by Barbecue
Geography
2m
Find the 'City' Movie
by crazypaving
Movies
60s
Colored Red Africa Blitz
by spor1
Geography
45s
More to Explore
Quiz From the Vault
Featured Blog Post
14 Easter Pick-up Lines to Find Eggs With
hide this ad
You Might Also Like...
Tags
Artist Quiz
Lyrics Quiz
Rock Quiz
Song Quiz
classic
continuation
finish
Today's Top Quizzes in Music
Browse Music
hide this ad
Today's Top Quizzes in Rock
Browse Rock
Top Contributed Quizzes in Music
1
5X2 Blitz: Bands II
2
5X2 Blitz: The Beatles
3
Taylor Swift All Songs (2024)
4
5X2 Blitz: Billboard
5
5X2 Blitz: Billboard II
6
5X2 Blitz: Album
7
Taylor Swift Logic Puzzle II
8
5X2 Blitz: Singers
9
5X2 Blitz: Rock
10
5X2 Blitz: Lyrics
Explore More
Trending Topics
Crossword
Kpop
Anime
Harry Potter
Marvel
Disney
NBA
Puzzle
NFL
Country
Soccer
Pokémon
WWE
The Office
Song
hide this ad
More By:
fanofrocknroll
Quiz
Plays
Rating
Category
Featured
Created
Coke and Pepsi Equivalents
1,705
2.83
Miscellaneous
Nov 23, 2009
Guitar Hero 3 songs
1,103
1.63
Gaming
Dec 4, 2009
Finish Classic Rock Lyrics 2
920
4.11
Music
Jan 2, 2010
Tales of Symphonia places and people
678
3.56
Gaming
Dec 3, 2009
Finish The Classic Rock Lyrics 3
484
3.00
Music
Jan 10, 2010
Go to Creator's Profile
Score Distribution
Quiz Creator Spotlight
fanofrocknroll
Follow
Send a Message
Quizzes Created
-
Created Quiz Play Count
-
More By This Creator
Popular Quizzes Today
1
Colored Red Africa Blitz
2
Find the US States - No Outlines Minefield
3
Find the 'City' Movie
4
5x2 Blitz: Bands
5
The Countries of the World
6
Find the US States
7
Find the Countries of Europe - No Outlines Minefield
8
US States
More Music Quizzes
RYM's 250 Worst Songs of the 2000s
Quiz Lab
Trending Quizzes
Colored Red Europe Blitz I
Colored Red Europe Blitz II
Colored Red Africa Blitz II
Colored Red Europe Blitz III
Colored Red Africa Blitz III
Recently Updated
How Do You Spell That?
pecheneg
Godzilla Movies
pecheneg
Grab Bag: 4-10 Letters
pecheneg
2024 March Madness Bracket
pecheneg
Famous TV Couples
Peacemaker
Champions League XIs: Real Madrid
pecheneg
Largest US Cities 1790-2010
pecheneg
Rides in Walt Disney World
pecheneg
Most Oscar Losses (Acting)
pecheneg
Beyoncé Albums
pecheneg
Trending Topics
Anime
Disney
Marvel
Kpop
NBA
Harry Potter
Crossword
Country
Soccer
Puzzle
The Office
NFL
WWE
Pokémon
Song
Your Account Isn't Verified!
In order to create a playlist on Sporcle, you need to verify the email address you used during registration. Go to your
Sporcle Settings
to finish the process.
Report this User
Report this user for behavior that violates our
Community Guidelines
.
Details:
Send Report
Go to the Sporcle.com Mobile Site →
Comments